000 00323nam a2200109Ia 4500
008 200302s9999 xx 000 0 und d
100 _aPrasanna Chandra
245 _aProjects Planning Analysis Selection Financing Implementation and Review
260 _bMcgraw- hill International Book co.,
260 _c2015
300 _aB1.2
999 _c5332
_d5332